| 000 | 00853cam a22002653a 4500 | ||
|---|---|---|---|
| 001 | 5729 | ||
| 003 | PGUSA | ||
| 005 | 20140828083123.0 | ||
| 008 | 040501s2004||||xxu|||||s|||||000 1 eng d | ||
| 040 |
_aPGUSA _beng |
||
| 042 | _adc | ||
| 050 | 4 | _aPZ | |
| 100 | 1 |
_aJackson, Gabrielle E. _q(Gabrielle Emilie), _d1861- |
|
| 245 | 1 | 0 |
_aPeggy Stewart, Navy Girl, at Home _h[electronic resource] / _cGabrielle E. Jackson |
| 260 |
_bProject Gutenberg, _c2004 |
||
| 506 | _aPublic domain in the USA. | ||
| 516 | _aElectronic text | ||
| 653 | _aChildren of military personnel -- Juvenile fiction | ||
| 653 | _aYoung women -- Juvenile fiction | ||
| 653 | _aMaryland -- Juvenile fiction | ||
| 653 | _aUnited States Naval Academy -- Juvenile fiction | ||
| 830 | 0 |
_aProject Gutenberg _v5729 |
|
| 856 | 4 | 0 | _uhttp://www.gutenberg.org/ebooks/5729 |
| 942 | _cEB | ||
| 999 |
_c235057 _d235057 |
||